01149nab a2200253 4500003001000000005001700010008004100027040001400068041000800082100006300090245005500153260003500208300001300243500026600256650003800522650004300560650004300603650003200646650002700678773010000705942005700805945001600862999001700878AR-RoBPED20260429135025.0260429b |||||||| |||| 00| 0 spa d aAR-RoBPED aspa1 aMagnin, Laura A.930807eLicenciada en Educación Inicial1 aExperiencias lúdicas en la formación docente / aBuenos Aires :bNoveduc,c2023 a11-13 p. aLa autora destaca la importancia del juego a lo largo de la vida y particularmente se detiene en la educación inicial. También sostiene que es fundamental en el proceso de formación de los docentes animarse a jugar y descubrir diferentes tipos de juegos.  7aEXPERIENCIAS EDUCACIONALES918339 7aPROCESO ENSEÑANZA-APRENDIZAJE915747 7aEDUCACION DE LA PRIMERA INFANCIA91396 7aFORMACION DE DOCENTES91259 7aJUEGOS EDUCATIVOS93760 020414940098dBuenos Aires : Noveduc, 1993-tNovedades Educativasw(AR-RoBPED)20414x03283534 2udccREVh37(05)mNov 86 N° 393 (Dic.2023)ak.32666 amar 04/2026 c32666d32666